Bảo tồn đa dạng sinh học nông nghiệp tên đồng ruộng tại Việt Nam
Guardat en:
| Autor principal: | |
|---|---|
| Format: | Llibre |
| Idioma: | Undetermined |
| Publicat: |
Hà Nội
Nông nghiệp
2002
|
| Matèries: | |
| Etiquetes: |
Afegir etiqueta
Sense etiquetes, Sigues el primer a etiquetar aquest registre!
|
| Thư viện lưu trữ: | Trung tâm Học liệu Trường Đại học Cần Thơ |
|---|
| LEADER | 00645nam a2200181Ia 4500 | ||
|---|---|---|---|
| 001 | CTU_52878 | ||
| 008 | 210402s9999 xx 000 0 und d | ||
| 082 | |a 333.953 | ||
| 082 | |b H507 | ||
| 100 | |a Nguyễn, Thị Ngọc Huệ | ||
| 245 | 0 | |a Bảo tồn đa dạng sinh học nông nghiệp tên đồng ruộng tại Việt Nam | |
| 245 | 0 | |c Nguyễn Thị Ngọc Huệ, Hà đình Tuấn và Bhwon Sthapit | |
| 260 | |a Hà Nội | ||
| 260 | |b Nông nghiệp | ||
| 260 | |c 2002 | ||
| 650 | |a Rice,Biodiversity | ||
| 650 | |x Collection and preservation | ||
| 980 | |a Trung tâm Học liệu Trường Đại học Cần Thơ | ||